| 000 | 00763nam a2200229Ia 4500 | ||
|---|---|---|---|
| 001 | 13159 | ||
| 003 | GE_BSU | ||
| 008 | 181216s||||||||xx |||||||||||||| ||und|| | ||
| 040 | _cGE_BSU | ||
| 080 | _a631.4(079.22) | ||
| 100 | _aДараселия,Н.А. | ||
| 245 | _aБиологическая активность основных почв Западной Грузии | ||
| 245 | _cРед.Т.Аристовская | ||
| 260 | _aТбилиси | ||
| 260 | _bМецниереба | ||
| 260 | _c1979 | ||
| 300 | _a304стр.илл.20см. | ||
| 300 | _cБиблиогр.с.272-300 | ||
| 653 | _aБиологическая активность основных почв Западной Грузии | ||
| 653 | _aბიოლოგია | ||
| 942 | _cBK | ||
| 999 |
_c46323 _d46323 |
||